Quantitative evaluation of building thermal performance by IR thermography inspection data; Thermosense XIX: An International Conference on Thermal Sensing and Imaging, Orlando, April 21, 1997

Dades bibliogràfiques
Parent link:Thermosense XIX: An International Conference on Thermal Sensing and Imaging, Orlando, April 21, 1997.— 1997.— [P. 71-77]
Altres autors: Vavilov V. P. Vladimir Platonovich, Anoshkin I. A. Igor A., Kourtenkov D. G. Denis G., Trofimov C. D. Constantin D., Kauppinen T. Timo
Sumari:Title screen
Performance of IR building thermography has reached its limits in analyzing qualitative IR images only. Future progress could be traced in using new thermal pattern characterization algorithms applied both to quantitative static and dynamic IR images
Режим доступа: по договору с организацией-держателем ресурса
Idioma:anglès
Publicat: 1997
Matèries:
Accés en línia:http://proceedings.spiedigitallibrary.org/proceeding.aspx?articleid=924683
Format: MixedMaterials Electrònic Capítol de llibre
KOHA link:https://koha.lib.tpu.ru/cgi-bin/koha/opac-detail.pl?biblionumber=637007

MARC

LEADER 00000naa0a2200000 4500
001 637007
005 20250920105001.0
035 |a (RuTPU)RU\TPU\network\1075 
090 |a 637007 
100 |a 20140424d1997 k||y0rusy50 ba 
101 0 |a eng 
102 |a US 
135 |a drnn ---uucaa 
181 0 |a i  
182 0 |a b 
200 1 |a Quantitative evaluation of building thermal performance by IR thermography inspection data  |f V. P. Vavilov [et al.] 
203 |a Text  |c electronic 
300 |a Title screen 
320 |a [Ref.: p. 76 (9 tit.)] 
330 |a Performance of IR building thermography has reached its limits in analyzing qualitative IR images only. Future progress could be traced in using new thermal pattern characterization algorithms applied both to quantitative static and dynamic IR images 
333 |a Режим доступа: по договору с организацией-держателем ресурса 
463 1 |t Thermosense XIX: An International Conference on Thermal Sensing and Imaging, Orlando, April 21, 1997  |o Proc. SPIE 3056  |v [P. 71-77]  |d 1997 
610 1 |a электронный ресурс 
610 1 |a труды учёных ТПУ 
610 1 |a infrared thermography 
610 1 |a инфракрасная термография 
610 1 |a thermal resistance 
610 1 |a сопротивление 
610 1 |a потери 
610 1 |a тепло 
610 1 |a heat 
610 1 |a losses 
701 1 |a Vavilov  |b V. P.  |c Specialist in the field of dosimetry and methodology of nondestructive testing (NDT)  |c Doctor of technical sciences (DSc), Professor of Tomsk Polytechnic University (TPU)  |f 1949-  |g Vladimir Platonovich  |3 (RuTPU)RU\TPU\pers\32161  |9 16163 
701 1 |a Anoshkin  |b I. A.  |g Igor A. 
701 1 |a Kourtenkov  |b D. G.  |g Denis G. 
701 1 |a Trofimov  |b C. D.  |g Constantin D. 
701 1 |a Kauppinen  |b T.  |g Timo 
801 2 |a RU  |b 63413507  |c 20140424  |g RCR 
856 4 |u http://proceedings.spiedigitallibrary.org/proceeding.aspx?articleid=924683 
942 |c CF